Ça s'est passé en 2010 - Statistiques

Statistiques générales
  • Ce quiz a été pris 65 fois
  • Le résultat moyen est 12 sur 15
Statistiques - réponses
Indice Réponse % Correct
Film fantastique sorti en 2010, première partie de la conclusion d’une célèbre saga centrée sur un jeune sorcier. Harry Potter et les Reliques de la Mort
97%
Application de partage de photos lancée en octobre 2010, devenue ensuite l’un des réseaux sociaux les plus influents au monde. Instagram
88%
Compétition sportive internationale organisée au Canada en février 2010, réunissant les meilleurs athlètes mondiaux dans les disciplines de neige et de glace. Jeux olympiques d’hiver Vancouver
88%
Ballon d'Or en 2010 à un joueur argentin du FC Barcelone, malgré la victoire mondiale de l’Espagne cette même année. Lionel Messi
88%
Compétition sportive organisée du 11 juin au 11 juillet 2010, marquant la première édition disputée sur le continent africain, et remportée par l’Espagne. Coupe du Monde
83%
Film de science-fiction sorti en 2010, réalisé par Christopher Nolan, dans lequel les personnages explorent les rêves et manipulent la réalité. Inception
83%
Tablette numérique lancée en 2010 par une grande entreprise américaine, qui a popularisé un nouveau type d’appareil entre le smartphone et l’ordinateur portable iPad
83%
Artiste pop désignée artiste de l'année par le magazine Billboard, connue pour ses tenues extravagantes et ses tubes comme Bad Romance et Telephone. Lady Gaga
83%
Chanson de Shakira sortie en 2010 et associée à un grand événement sportif mondial organisé en Afrique du Sud. Waka Waka
82%
Catastrophe naturelle survenue le 12 janvier 2010, d’une magnitude d’environ 7,0, dont l’épicentre se situe près de Port-au-Prince. Séisme en Haiti
80%
Récompense internationale attribuée en 2010 à un dissident chinois, Liu Xiaobo, emprisonné pour son engagement en faveur des droits humains et de la démocratie. Prix Nobel de la Paix
75%
Expression donnée aux nombreux mouvements de contestations populaires dans les pays du monde arabe à partir de décembre 2010. Printemps Arabe
73%
Film d’animation produit par Pixar, qui raconte une nouvelle aventure de jouets confrontés au départ de leur propriétaire pour l’université. Toy Story 3
72%
Smartphone lancé en 2010 par Apple, marqué par un nouveau design, un écran Retina et une caméra frontale pour les appels vidéo. iPhone 4
63%
Chanson pop sortie en 2010, interprétée par un jeune chanteur canadien, single de son premier album "My World 2.0" Baby
55%
Aucun quiz correspondant
Distribution des résultats
% des personnes avec chaque résultat
Percentile par nombre de réponses
Votre historique - résultats
Vous n’avez pas pris ce quiz